000 00868nam a2200193 i 4500
001 37661
003 ES-MaACL
005 20250727071244.0
007 t|
008 030221s1863 sp ||||1| spa d
100 1 _aCaballero, Fernán.
_933079
245 1 3 _aUn servilón y un liberalito o Tres almas de Dios /
_cFernán Caballero (seud. de Cecilia Boehl de Faber) ; prólogo de Antonio Aparisi Guijarro.
260 _aMadrid :
_b[s.n.],
_c1863 (
_fEst. tip. de Mellado)
300 _aXVIII, 247 p. ;
_c18 cm.
505 8 _aContiene además: Pág. 101 : El ex-voto. Pág 153 : Matrimonio bien avenido junto al marido. Pág 183: Promesa de un soldado a la Virgen del Carmen. Pág 205 : El Alcázar de Sevilla. Pág 227 : Un sermón bajo naranjos
700 1 _aAparisi y Guijarro, Antonio,
_d1815-1872
_922085
852 _aES-MaACL
_jD-3125
999 _c37661
_d37661